000
00201 a2200097 4500
001
6248
100
_a
Armit, A.P
245
_a
Advanced level vectors
260
_a
_b
Heinemann
_c
090
_c
5132
_d
5132
942
_a
NUST-CAE
_c
M
_c
31526
999
_c
241321
_d
241321